000 00602nam a2200217 a 4500
999 _c5509
_d5509
001 5509
003 BD-JhCC
005 20171218125548.0
008 171217s2011 bg |||| ||a| 000 0 eng d
035 _a(BD-JhCC)5509
040 _aBD-JhCC
_dBD-JhCC
041 _aeng
082 _a423.12
_bKLE 2011
100 _a Kleiser, Grenville
245 _aDictionary Of Synonyms And Antonyms /
_cGrenville Kleiser
260 _aNew Delhi :
_bA. P. H. Publishing Corporation .
_c2011.
300 _a246 p. :
_c21 cm.
650 _aSynonyms And Antonyms
_xEnglish Language
942 _2ddc
_cBK